000 00531cam a2200193 a 4500
001 000014633
005 20260317133557.0
008 790331s1975 ve 000 0 spa
035 _a(DLC) 79106121
040 _aDO-SdBNP
_cDLC
_dDLC
082 _a306
_bM868s
100 1 _aMoron, Guillermo,
_d1926-
_933158
245 1 4 _aLos saberes inútiles /
_cGuillermo Moron.
260 _aCaracas :
_bRoble,
_c1975.
300 _a328 p. ; :
_b19 cm.
650 0 _aCultura
_989224
910 _aCatalogación por copia / LC
049 _aBNGR
999 _c14217
_d14217